Größte Städte in Oberösterreich mit Karte - Statistiken

Allgemein
  • Dieses Quiz wurde 279 mal gespielt
  • Das Durchschnittsergebnis liegt bei 13 aus 20
Antworten auf der Karte
Die Antworten werden auf der Karte rot bzw. grün angezeigt, abhängig davon wie oft sie richtig erraten wurden.
 
Antwortstatistiken
Einwohner Stadt % Korrekt
206.595 Linz
99%
62.470 Wels
97%
38.056 Steyr
91%
17.518 Braunau am Inn
87%
13.275 Gmunden
87%
12.220 Ried im Innkreis
78%
12.378 Vöcklabruck
77%
24.756 Traun
76%
7.981 Freistadt
74%
28.929 Leonding
74%
8.837 Perg
71%
11.940 Enns
69%
14.070 Bad Ischl
63%
14.070 Marchtrenk
60%
17.092 Ansfelden
58%
9.100 Attnang-Puchheim
48%
6.927 Mattighofen
37%
6.567 Gallneukirchen
36%
9.843 Laakirchen
31%
5.544 Pregarten
28%
Keine übereinstimmenden Quizze gefunden
Verteilung der Resultate
Anzahl Personen mit jedem Resultat
Perzentil nach korrekt beantworteten Fragen
Ihre Resultats-Entwicklung
Sie haben dieses Quiz noch nicht gespielt